| 000 | 01078nam a2200241Ia 4500 | ||
|---|---|---|---|
| 003 | Ost | ||
| 005 | 20260507075207.0 | ||
| 008 | 260507s9999||||xx |||||||||||||| ||und|| | ||
| 040 | _cfsecg | ||
| 041 | _aara | ||
| 082 | _a330 | ||
| 100 |
_aارثروفورد، مالكولم _eمؤلف |
||
| 245 | 0 |
_aالمؤسسات في علم الاقتصاد : _bالمؤسسة القديمة و الجديدة / _c مالكولم ارثروفورد |
|
| 260 |
_aعمان: _bدار الكتاب الحديث, _c2009 |
||
| 300 |
_a321 صفحة؛ _c24 سم |
||
| 504 | _aمراجع ص.277 | ||
| 520 | _aتعاريف و قضايا ، الرسمية و غير الرسمية ، الفردية و مذهب الكلية ، العقلانية و اتباع القاعدة ، التطور و التخطيط ، الفعالية و الاصلاح في oie و nie . | ||
| 653 | _aالإقتصاد | ||
| 653 | _aالتنمية الاقتصادية | ||
| 653 | _aالمؤسسات الإقتصادية | ||
| 700 |
_aالتل، موسى ادريس _eمؤلف ثانوي |
||
| 942 | _cكتاب | ||
| 999 |
_c43436 _d43436 |
||